• 首页
  • 本馆介绍
  • 公告通知
  • 最新文献
  • 馆藏检索
  • 电子资源
  • 读者导购
  • 参考咨询
  • 我的图书馆
  • 登录
  • 详细信息显示
  • 放入我的书架
  • 预约/预借图书
  • 作者相关作品
  • 分类相关作品
  • 丛书相关作品
  • 出版社相关作品

书目信息

  • 表格格式
  • 工作单格式
  • 卡片格式
题名:
国际物流
    
 
作者: 肖亮 主编
分册:  
出版信息: 北京   高等教育出版社  2013
页数: 243页
开本: 26cm
丛书名: 现代物流丛书
单 册:
中图分类: F259.1
科图分类:
主题词: 国际贸易--物流--高等教育--教材
电子资源:
ISBN: 978-7-04-037124-6
000 01024oam2 2200289 450
001 0102879030
005 20170718105318.0
010    @a978-7-04-037124-6@dCNY27.00
100    @a20130609d2013 em y0chiy0120 ea
101 0  @achi
102    @aCN@b110000
105    @aa z 000yy
106    @ar
200 1  @a国际物流@9Guo Ji Wu Liu @f肖亮主编@b专著@dInternational logistics@zeng
205    @a2版
210    @a北京@c高等教育出版社@d2013
215    @a243页@c图@d26cm
225 2  @a现代物流丛书
300    @a普通高等教育“十一五”国家级规划教材
330    @a本书共分9章,以国际物流前沿理论和操作实务为重点,系统阐述了国际货物运输管理,国际货运代理,国际物流中心,国际口岸、海关和检疫检验,国际物流金融与保险,国际物流信息系统,国际物流运作实务等内容。
461  0 @1001002989158
510 1  @aInternational logistics@zeng
606 0  @a国际贸易@x物流@x高等教育@j教材
690    @aF259.1@v5
701  0 @a肖亮@f(1976.5~)@4主编@9xiao liang
801  0 @aCN@bAZmarc@c20230906
905    @aBZT@dF259@e10=2@f1@sF259/10=2
    
    国际物流/肖亮主编=International logistics.-2版.-北京:高等教育出版社,2013
    243页:图;26cm.-(现代物流丛书)
    普通高等教育“十一五”国家级规划教材
    
    ISBN 978-7-04-037124-6:CNY27.00
    本书共分9章,以国际物流前沿理论和操作实务为重点,系统阐述了国际货物运输管理,国际货运代理,国际物流中心,国际口岸、海关和检疫检验,国际物流金融与保险,国际物流信息系统,国际物流运作实务等内容。
●
相关链接 在五车中查询图书 在当当中查询图书 在豆瓣中查询图书


正题名:国际物流     索取号:F259/10=2         预约/预借

序号 登录号 条形码 馆藏地/架位号 状态 备注
1 2000000523   2000000523   旧书回溯/ [索取号:F259/10=2] 在馆    
山东省滨州职业学院图书馆 欢迎您!
大连网信软件有限公司© 版权所有